| 000 | 00000nam##2200000za#4500 |
| 001 | 9.698715 |
| 003 | CaOODSP |
| 005 | 20260106135354 |
| 007 | cr ||||||||||| |
| 008 | 150407|2014||||xxc|||||o f|0| 0 eng|d |
| 020 | |a978-1-100-23065-8 |
| 040 | |aCaOODSP|beng |
| 043 | |an-cn--- |
| 086 | 1 |aM154-74/2014E-PDF |
| 110 | 2 |aCANMET Energy Technology Centre (Canada) |
| 245 | 10|aProcess Integration Incentive Program : |h[electronic resource]|bresults and impacts 2004-2013 |
| 260 | |aOttawa - Ontario : |bNatural Resources Canada. |cc2014. |
| 300 | |a12p.|bgraphs, maps, tables |
| 590 | |a15-02|b2015-01-09 |
| 690 | 07|aElectric power stations|2gcpds |
| 690 | 07|aEnergy efficiency|2gcpds |
| 775 | 08|tProgramme d'incitatif pour l'intégration des procédés : |w(CaOODSP)9.642718 |
| 856 | 40|ahttp://publications.gc.ca|qPDF|s2.27 MB|uhttps://publications.gc.ca/collections/collection_2015/rncan-nrcan/M154-74-2014-eng.pdf |